000 00225nam a2200097Ia 4500
008 170619s9999 xx 000 0 und d
100 _aBAKSHI- U A
245 0 _aELECTRICAL ENGINEERING
260 _bPune : Tech. Pub.
260 _c2007
546 _aENGLISH
999 _c18414
_d18414